| 000 | 00882nam a22002057a 4500 | ||
|---|---|---|---|
| 999 |
_c12080 _d12080 |
||
| 003 | AR-CdUCM | ||
| 008 | 190405b ||||| |||| 00| 0 spa d | ||
| 040 |
_aMUNICIPALIDAD PROVINCIAL DEL CUSCO _cBIBLIOTECA MUNICIPAL DEL CUSCO |
||
| 082 |
_23 ed. _a332.77 / _bR32 / 1928 |
||
| 100 |
_aRebora, Juan Carlos _929753 |
||
| 245 |
_aLetras de cambio : _bLegislación argentina. Legislación comparada derecho internacional privada, Legislación uniforme / |
||
| 260 |
_aParís : _bAllard, _c1928. |
||
| 300 |
_a493 páginas ; _c24 cm. |
||
| 505 | _aContenido : El contrato y la letra de cambio génesis, evolution y funciones económicas -- Evolución de la letra de cambio -- Función económica de la letra de cambio ... | ||
| 650 |
_aLetra _929754 |
||
| 650 |
_aCambio _93544 |
||
| 650 |
_aLegislación de letra de cambio _929755 |
||
| 942 |
_2ddc _cLIBROS |
||
| 945 |
_arah _d05/04/2019 |
||